000 00608 a2200241 4500
260 _aRome.
711 _d8-12 Novembre 1982
711 _cPalma de Majorque, Espagne.
440 _n277
260 _bFAO.
245 _aRapport de la consultation technique sur les méthodes acoustiques de détection et d'estimation de l'abondance du poisson.
300 _aVI-94p.
260 _c1983
130 _lEn.
130 _lFr.
440 _aFAO-Rapportsur les pêches.
710 _aFAO.
711 _aRapport.
690 _apoisson.
020 _a92-5-001298-5
999 _c26765
_d26765